Computers for beginners / (Record no. 109956)
[ view plain ]
| 000 -LEADER | |
|---|---|
| fixed length control field | 00566nam a2200181 a 4500 |
| 001 - CONTROL NUMBER | |
| control field | 3067 |
| 005 - DATE AND TIME OF LATEST TRANSACTION | |
| control field | 20140414131846.0 |
| 008 - FIXED-LENGTH DATA ELEMENTS--GENERAL INFORMATION | |
| fixed length control field | 060131s19uu xx 00 eng d |
| 020 ## - INTERNATIONAL STANDARD BOOK NUMBER | |
| International Standard Book Number | 81-243-0570-6 |
| 050 ## - LIBRARY OF CONGRESS CALL NUMBER | |
| Classification number | M 371.3 |
| Item number | St3 2000 |
| 100 ## - MAIN ENTRY--PERSONAL NAME | |
| Personal name | Stephens, Margaret |
| 245 ## - TITLE STATEMENT | |
| Title | Computers for beginners / |
| Statement of responsibility, etc | Margaret Stephens & Rebecca Treays ; edited by Philippa Wingate & Jane Chisholm. |
| 260 ## - PUBLICATION, DISTRIBUTION, ETC. (IMPRINT) | |
| Place of publication, distribution, etc | Mumbai : |
| Name of publisher, distributor, etc | Navneet (India), |
| Date of publication, distribution, etc | 2000. |
| 300 ## - PHYSICAL DESCRIPTION | |
| Extent | 48 p. : ill. ; cm. |
| 440 ## - SERIES STATEMENT/ADDED ENTRY--TITLE | |
| Title | Computer guides |
| 650 ## - SUBJECT ADDED ENTRY--TOPICAL TERM | |
| Topical term or geographic name as entry element | Methods of instruction & study. |
| Withdrawn status | Lost status | Damaged status | Use restrictions | Home library | Current library | Shelving location | Date acquired | Source of acquisition | Total Checkouts | Full call number | Barcode | Date last seen | Price effective from | Koha item type |
|---|---|---|---|---|---|---|---|---|---|---|---|---|---|---|
| Munich Library | Munich Library | Main Section | 01/31/2006 | M 371.3 St3 2000 | M0160 | 04/14/2014 | 04/14/2014 | Books |